| 000 | 01677cam a2200481 a 4500 | ||
|---|---|---|---|
| 001 | 22417 | ||
| 003 | SK-KTurca | ||
| 005 | 20260328101925.0 | ||
| 008 | 150601s2015 xo ac j 000 j slo d | ||
| 015 | _aSNBA2015/05 | ||
| 020 | _a9788056400579 (viaz.) | ||
| 035 | _aa000534270 | ||
| 040 |
_aPOKPOH _bslo _cUKB _dTTKJF _dSNK _eAACR2 |
||
| 041 | 1 |
_aslo _hger |
|
| 044 |
_axo _cSK |
||
| 072 | 7 |
_a821.112.2-3 _xNemecká próza, nemecky písaná _2konspekt |
|
| 072 | 7 |
_a821-93 _xLiteratúra pre deti a mládež (beletria) _2konspekt |
|
| 080 |
_a821.112.2(436)-32 _22004 |
||
| 080 |
_a821-93 _22004 |
||
| 080 |
_a(0:82-322.4) _22004 |
||
| 080 |
_a(0:82-321.3) _22004 |
||
| 100 | 1 |
_aBrezina, Thomas, _d1963- |
|
| 240 | 1 | 4 |
_aEin Fall für dich und das Tiger-Team. _pDer Goldschatz des Gladiators. _lSlovensky |
| 245 | 1 | 0 |
_aPrípad pre teba a Tigrí tím _pGladiátorov zlatý poklad _cThomas C. Brezina ; ilustrovala Naomi Fearnová ; [z nemeckého originálu preložila Katarína Šmidtová] |
| 246 | 3 | 0 | _aGladiátorov zlatý poklad |
| 246 | 3 | 8 | _aTigrí tím |
| 250 | _a1. vyd. | ||
| 260 |
_aBratislava _bFragment _c2015 |
||
| 300 |
_a128, [2] s. _bil., portr. _e1 plast. lupa |
||
| 521 | 1 | _aPre čitateľov od 9 rokov | |
| 653 | _a821.112.2(436)-32 | ||
| 653 | _a821-93 | ||
| 653 | _a(0:82-322.4) | ||
| 653 | _a(0:82-321.3) | ||
| 655 | 7 |
_arakúske príbehy _2UKBPH |
|
| 655 | 7 |
_adetektívne príbehy _2UKBPH |
|
| 655 | 7 |
_adobrodružné príbehy _2UKBPH |
|
| 655 | 7 |
_apublikácie pre deti _2UKBPH |
|
| 700 | 1 |
_aŠmidtová, Katarína _4trl |
|
| 700 | 1 |
_aFearn, Naomi _4ill |
|
| 942 |
_2ddc _cKLDE _n0 |
||
| 999 |
_c22417 _d22417 |
||